[Event "Landesklasse Ost 2015/2016"]
[Site "?"]
[Date "2016.03.13"]
[Round "7"]
[White "Rost, Detlef"]
[Black "Asmykovich, Ihar"]
[Result "0-1"]
[WhiteElo "1847"]
[BlackElo "1669"]
[PlyCount "68"]
[EventDate "2016.??.??"]
[WhiteTeam "SV Medizin Erfurt"]
[BlackTeam "SV Jenapharm Jena"]

1. d4 Nf6 2. c4 e6 3. Nf3 d5 4. Bg5 Be7 5. e3 O-O 6. Nc3 c5 7. dxc5 Bxc5 8.
cxd5 exd5 9. Be2 Be6 10. O-O Nc6 11. Rc1 Be7 12. a3 Rc8 13. b4 Ne4 14. Bxe7
Nxe7 15. Nxe4 dxe4 16. Nd4 Qb6 17. Nxe6 Qxe6 18. Qa4 Qa2 19. Rxc8 Rxc8 20. Re1
Qxe2 21. Rf1 Qa6 22. Qd7 Kf8 23. Rd1 Qc6 24. Qd4 Qd5 25. Qa1 Qc4 26. h3 f6 27.
Qb2 Ng6 28. Kh2 Ne5 29. Rd4 Qc7 30. Kg1 Qc1+ 31. Qxc1 Rxc1+ 32. Kh2 Rc2 33. Kg3
Ke7 34. Rxe4 Rc4 0-1

[Event "Landesklasse Ost 2015/2016"]
[Site "?"]
[Date "2016.03.13"]
[Round "7"]
[White "Fauth, Frank"]
[Black "Eger, Axel"]
[Result "1/2-1/2"]
[WhiteElo "1668"]
[BlackElo "1854"]
[PlyCount "31"]
[EventDate "2016.??.??"]
[WhiteTeam "SV Jenapharm Jena"]
[BlackTeam "SV Medizin Erfurt"]

1. d4 Nf6 2. c4 e6 3. Nc3 Bb4 4. e3 b6 5. Nf3 Bb7 6. Be2 Ne4 7. Bd2 Nxd2 8.
Qxd2 d6 9. a3 Bxc3 10. Qxc3 Nd7 11. b4 O-O 12. O-O c5 13. dxc5 dxc5 14. b5 Qf6
15. Qc2 Ne5 16. Nxe5 1/2-1/2

[Event "Landesklasse Ost 2015/2016"]
[Site "?"]
[Date "2016.03.13"]
[Round "7"]
[White "Stumm, Rainer"]
[Black "Griechen, Harry"]
[Result "1-0"]
[WhiteElo "1558"]
[BlackElo "1626"]
[PlyCount "52"]
[EventDate "2016.??.??"]
[WhiteTeam "SV Medizin Erfurt"]
[BlackTeam "SV Jenapharm Jena"]

1. Nf3 d5 2. c4 dxc4 3. e3 Nc6 4. Bxc4 e6 5. Nc3 Nf6 6. O-O Bd6 7. d4 O-O 8. a3
a6 9. Qc2 b5 10. Bd3 Ne7 11. e4 b4 12. Ne2 bxa3 13. bxa3 Ng6 14. e5 Be7 15.
exf6 Bxf6 16. Rb1 Bd7 17. Be4 Rb8 18. Rxb8 Qxb8 19. Bg5 Bxg5 20. Nxg5 Bb5 21.
Rb1 Qd8 22. Nf3 Qe7 23. Nc3 Bc4 24. Qa4 f5 25. Qxc4 fxe4 26. Nxe4 Nf4 1-0

[Event "Landesklasse Ost 2015/2016"]
[Site "?"]
[Date "2016.03.13"]
[Round "7"]
[White "Auerswald, Klaus"]
[Black "Stockum, René"]
[Result "1-0"]
[WhiteElo "1551"]
[BlackElo "1659"]
[PlyCount "47"]
[EventDate "2016.??.??"]
[WhiteTeam "SV Jenapharm Jena"]
[BlackTeam "SV Medizin Erfurt"]

1. e4 c5 2. Nc3 e6 3. Nf3 Nc6 4. d4 cxd4 5. Nxd4 a6 6. Nxc6 bxc6 7. e5 Qa5 8.
f4 Bb4 9. Bd2 Ne7 10. Bd3 Bxc3 11. Bxc3 Qb6 12. Qd2 Nd5 13. O-O-O a5 14. f5 Ne3
15. Rde1 Nxf5 16. Bxf5 exf5 17. Rhf1 O-O 18. Qg5 Qd8 19. Qg3 Re8 20. Rxf5 d5
21. e6 f6 22. Bxf6 Re7 23. Bxe7 Qxe7 24. Rf7 1-0

[Event "Landesklasse Ost 2015/2016"]
[Site "?"]
[Date "2016.03.13"]
[Round "7"]
[White "Kalisch, Michael"]
[Black "Neubauer, Ralf"]
[Result "1-0"]
[WhiteElo "2060"]
[BlackElo "1840"]
[PlyCount "91"]
[EventDate "2016.??.??"]
[WhiteTeam "ESV Lok Sömmerda"]
[BlackTeam "SV Schott Jena"]

1. e4 c5 2. Nc3 d6 3. f4 g6 4. Nf3 Bg7 5. Bb5+ Bd7 6. Bxd7+ Qxd7 7. O-O Nc6 8.
d3 e6 9. Qe1 Nge7 10. Kh1 O-O 11. Bd2 Rab8 12. Nd1 b5 13. Bc3 d5 14. Bxg7 Kxg7
15. Nf2 b4 16. Ng4 h5 17. Nge5 Nxe5 18. fxe5 f5 19. exd5 Nxd5 20. Nd2 Nb6 21.
Rf4 g5 22. Rf1 Qd5 23. a3 a5 24. b3 Ra8 25. Qe2 Kh6 26. h4 Rg8 27. axb4 cxb4
28. hxg5+ Rxg5 29. Nf3 Rag8 30. Nxg5 Rxg5 31. Rf3 Nd7 32. Re1 Qd4 33. Qe3 Qh4+
34. Rh3 Qg4 35. Qf3 Qd4 36. Qe3 Qg4 37. Re2 f4 38. Qf3 Qf5 39. d4 Nb6 40. Qe4
Qg4 41. c4 bxc3 42. Rxc3 Nd5 43. Rc8 Rg6 44. Qf3 Qh4+ 45. Qh3 Qe7 46. Rh8+ 1-0

[Event "Landesklasse Ost 2015/2016"]
[Site "?"]
[Date "2016.03.13"]
[Round "7"]
[White "Richter, Sebastian"]
[Black "Kühn, Martin"]
[Result "1/2-1/2"]
[WhiteElo "1761"]
[BlackElo "1903"]
[PlyCount "124"]
[EventDate "2016.??.??"]
[WhiteTeam "SV Schott Jena"]
[BlackTeam "ESV Lok Sömmerda"]

1. e4 e6 2. d4 d5 3. Nd2 Nf6 4. e5 Nfd7 5. Bd3 c5 6. c3 Nc6 7. Ne2 cxd4 8. cxd4
f6 9. exf6 Nxf6 10. Nf3 Bd6 11. O-O Qc7 12. Bg5 O-O 13. Rc1 h6 14. Bh4 Nh5 15.
Bg3 Nxg3 16. hxg3 Qf7 17. Bb1 e5 18. dxe5 Nxe5 19. Nxe5 Bxe5 20. Nd4 Qf6 21.
Nf3 Bxb2 22. Qd3 Bf5 23. Qxf5 Qxf5 24. Bxf5 Rxf5 25. Rb1 Bc3 26. Rxb7 Rf7 27.
Rb3 Rc8 28. Rd1 d4 29. Rb5 Rd8 30. Rd3 Re7 31. Rb3 Rdd7 32. Rb1 Re2 33. Rbd1
Rf7 34. a4 Ra2 35. Nd2 Re7 36. Nb3 Ree2 37. Nc1 Rxf2 38. Nxa2 Rxa2 39. Rxd4
Bxd4+ 40. Rxd4 a5 41. Rf4 g5 42. Rc4 Kf7 43. Kh2 Ke6 44. Rc6+ Kf7 45. Rc7+ Ke8
46. Rc4 Kd7 47. g4 Kd6 48. Kg3 Kd5 49. Rc8 Ra3+ 50. Kf2 Rxa4 51. Rh8 Ke4 52.
Rxh6 Kf4 53. Rh3 Ra2+ 54. Kf1 Kxg4 55. Rc3 a4 56. Kg1 a3 57. Kh2 Kf4 58. Rf3+
Ke4 59. Rg3 Kf5 60. Rf3+ Kg6 61. Kg3 Ra1 62. Rf8 a2 1/2-1/2

[Event "Landesklasse Ost 2015/2016"]
[Site "?"]
[Date "2016.03.13"]
[Round "7"]
[White "Siegemund, Joachim"]
[Black "Schulz, Uwe"]
[Result "1/2-1/2"]
[WhiteElo "2012"]
[BlackElo "1723"]
[PlyCount "86"]
[EventDate "2016.??.??"]
[WhiteTeam "ESV Lok Sömmerda"]
[BlackTeam "SV Schott Jena"]

1. e4 c5 2. Nc3 Nc6 3. f4 d6 4. Bb5 Bd7 5. Nf3 g6 6. O-O Bg7 7. a4 e6 8. d3
Nge7 9. Qe1 O-O 10. Qh4 Nd4 11. Rf2 Nxf3+ 12. Rxf3 Nc6 13. Qxd8 Rfxd8 14. Be3
Nd4 15. Rf2 a6 16. Bxd7 Rxd7 17. a5 Rb8 18. Na4 Nc6 19. Nb6 Rdd8 20. c3 f5 21.
Re2 Bf8 22. Bd2 Bg7 23. Kf2 Kf7 24. exf5 gxf5 25. h3 h5 26. Kf3 Rg8 27. g3 Rbd8
28. Rae1 Rge8 29. Ra1 Bf6 30. Be3 Rg8 31. Bf2 Rg6 32. Rae1 Re8 33. Ra1 Bd8 34.
Nc4 Bc7 35. d4 cxd4 36. cxd4 e5 37. dxe5 dxe5 38. fxe5 Nxe5+ 39. Nxe5+ Rxe5 40.
Rxe5 Bxe5 41. Rc1 Ke6 42. b3 Rg7 43. Rc4 Rc7 1/2-1/2

[Event "Landesklasse Ost 2015/2016"]
[Site "?"]
[Date "2016.03.13"]
[Round "7"]
[White "Bönisch, Julian"]
[Black "Koksch, Robert"]
[Result "0-1"]
[WhiteElo "1615"]
[BlackElo "1874"]
[PlyCount "46"]
[EventDate "2016.??.??"]
[WhiteTeam "SV Schott Jena"]
[BlackTeam "ESV Lok Sömmerda"]

1. Nf3 d5 2. g3 c5 3. Bg2 Nc6 4. O-O e5 5. d3 f5 6. c4 d4 7. e3 Be7 8. exd4
exd4 9. Re1 Nf6 10. Ng5 O-O 11. Bf4 h6 12. Ne6 Bxe6 13. Rxe6 g5 14. Bc1 Qd7 15.
Qe2 Bd6 16. Bd5 Kg7 17. h4 Nxd5 18. cxd5 Nd8 19. hxg5 Nxe6 20. dxe6 Rae8 21.
Qh5 Rxe6 22. gxh6+ Kh7 23. Kf1 f4 0-1

[Event "Landesklasse Ost 2015/2016"]
[Site "?"]
[Date "2016.03.13"]
[Round "7"]
[White "Kirste, Olaf"]
[Black "Flechsig, Bernd"]
[Result "0-1"]
[WhiteElo "1934"]
[BlackElo "1684"]
[PlyCount "56"]
[EventDate "2016.??.??"]
[WhiteTeam "ESV Lok Sömmerda"]
[BlackTeam "SV Schott Jena"]

1. c4 c6 2. Nc3 d5 3. d4 Nf6 4. Nf3 dxc4 5. a4 Bf5 6. Ne5 Nbd7 7. Nxc4 Qc7 8.
g3 e5 9. dxe5 Nxe5 10. Bf4 Nfd7 11. Nxe5 Nxe5 12. Qd4 f6 13. O-O-O Be7 14. Bg2
O-O 15. f3 Rfd8 16. Qf2 b5 17. e4 Be6 18. Qc2 b4 19. Nd5 Qb7 20. Nxe7+ Qxe7 21.
b3 c5 22. Rxd8+ Rxd8 23. Rd1 c4 24. Rxd8+ Qxd8 25. Bxe5 fxe5 26. Bf1 cxb3 27.
Qc6 Kf7 28. Bb5 Qd4 0-1

[Event "Landesklasse Ost 2015/2016"]
[Site "?"]
[Date "2016.03.13"]
[Round "7"]
[White "Weber, Jakob"]
[Black "Jordan, Gunter"]
[Result "0-1"]
[WhiteElo "1254"]
[BlackElo "1899"]
[PlyCount "76"]
[EventDate "2016.??.??"]
[WhiteTeam "ESV Lok Sömmerda"]
[BlackTeam "SV Schott Jena"]

1. c4 b6 2. Nc3 e6 3. Nf3 f5 4. g3 Nf6 5. Bg2 Bb7 6. O-O Be7 7. b3 O-O 8. Bb2
d6 9. Ng5 Bxg2 10. Kxg2 Qd7 11. Nf3 c5 12. d3 Nc6 13. e3 Ng4 14. d4 Rad8 15. h3
Nf6 16. d5 Ne5 17. dxe6 Qxe6 18. Ng5 Qd7 19. Nd5 Rde8 20. Nxe7+ Qxe7 21. f4
Ned7 22. Re1 h6 23. Nf3 Qe6 24. Qd2 d5 25. cxd5 Nxd5 26. Ne5 N7f6 27. Rad1 Rd8
28. a3 Nxf4+ 29. exf4 Rxd2+ 30. Rxd2 Qxb3 31. Nf3 Ne4 32. Rde2 Rd8 33. Rf1 Rd1
34. Ne1 Qxg3+ 35. Kh1 Rxe1 36. Rfxe1 Nf2+ 37. Rxf2 Qxf2 38. Rb1 Qc2 0-1

[Event "Landesklasse Ost 2015/2016"]
[Site "?"]
[Date "2016.03.13"]
[Round "7"]
[White "Buring, Matthias"]
[Black "Schlierf, Andre"]
[Result "1-0"]
[WhiteElo "2035"]
[BlackElo "1859"]
[PlyCount "43"]
[EventDate "2016.??.??"]
[WhiteTeam "SG Arnstadt-Stadtilm"]
[BlackTeam "Schachklub Weida"]

1. e4 c5 2. Nf3 Nc6 3. d4 cxd4 4. c3 d3 5. Bxd3 g6 6. O-O Bg7 7. Bc4 Nf6 8. e5
Ng8 9. Bf4 h6 10. Qe2 b6 11. Rd1 e6 12. Nbd2 g5 13. Bg3 Nge7 14. Ne4 Nf5 15.
Nd6+ Nxd6 16. Rxd6 Qc7 17. Rad1 Bf8 18. R6d2 Be7 19. b4 a6 20. a4 Ra7 21. Nd4
h5 22. h3 1-0

[Event "Landesklasse Ost 2015/2016"]
[Site "?"]
[Date "2016.03.13"]
[Round "7"]
[White "Künzel, Andre"]
[Black "Sauer, Marko"]
[Result "0-1"]
[WhiteElo "1867"]
[BlackElo "2054"]
[PlyCount "66"]
[EventDate "2016.??.??"]
[WhiteTeam "Schachklub Weida"]
[BlackTeam "SG Arnstadt-Stadtilm"]

1. d4 d5 2. Nf3 c6 3. e3 Bf5 4. c4 e6 5. Qb3 Qc7 6. Nc3 Nd7 7. Bd2 Ngf6 8. Rc1
Rc8 9. Be2 Be7 10. Nh4 Bg6 11. Nxg6 hxg6 12. g3 O-O 13. cxd5 exd5 14. Bf3 Nb6
15. Na4 Nc4 16. Bb4 b5 17. Nc5 a5 18. Na6 Bxb4+ 19. Nxb4 axb4 20. Qxb4 Qd7 21.
b3 Nd6 22. O-O Nde4 23. Rc2 Qf5 24. Bxe4 Nxe4 25. Rfc1 Rfe8 26. a4 bxa4 27.
bxa4 Qf3 28. a5 Ng5 29. Qd2 Re6 30. h4 Ne4 31. Qe1 g5 32. hxg5 Nxg5 33. Qe2 Qe4
0-1

[Event "Landesklasse Ost 2015/2016"]
[Site "?"]
[Date "2016.03.13"]
[Round "7"]
[White "Zeising, Benjamin"]
[Black "Schumann, Robert"]
[Result "0-1"]
[WhiteElo "1821"]
[BlackElo "1824"]
[PlyCount "66"]
[EventDate "2016.??.??"]
[WhiteTeam "SG Arnstadt-Stadtilm"]
[BlackTeam "Schachklub Weida"]

1. Nc3 d5 2. d4 Nf6 3. e4 Nxe4 4. Nxe4 dxe4 5. f3 e5 6. dxe5 Qxd1+ 7. Kxd1 Bf5
8. g4 Be6 9. fxe4 Bxg4+ 10. Be2 Be6 11. Nf3 Nc6 12. Bg5 h6 13. Bh4 g5 14. Bg3
O-O-O+ 15. Kc1 Bc5 16. Bd3 Nb4 17. Kd2 Nxd3 18. cxd3 Bc4 19. Ne1 Rd7 20. Kc3
Bb5 21. Rd1 Rhd8 22. Rf1 Bc6 23. Rf6 h5 24. h4 Be7 25. Rh6 gxh4 26. Bf2 Bxe4
27. Rxh5 Bg6 28. Rh6 Bg5 29. Rxh4 Bxh4 30. Bxh4 Rh8 31. Nf3 Bh5 32. Bf6 Bxf3
33. Rg1 Re8 0-1

[Event "Landesklasse Ost 2015/2016"]
[Site "?"]
[Date "2016.03.13"]
[Round "7"]
[White "Heine, Robert"]
[Black "Riedel, Erich"]
[Result "0-1"]
[WhiteElo "1573"]
[BlackElo "1693"]
[PlyCount "63"]
[EventDate "2016.??.??"]
[WhiteTeam "Schachklub Weida"]
[BlackTeam "SG Arnstadt-Stadtilm"]

1. d4 e6 2. Nf3 d5 3. e3 f5 4. Nbd2 Nf6 5. c4 c6 6. Ne5 Nbd7 7. cxd5 Nxe5 8.
dxe5 Nxd5 9. a3 Qc7 10. Nf3 Be7 11. Bc4 O-O 12. Bd2 b5 13. Ba2 c5 14. Qc2 Bb7
15. e4 fxe4 16. Qxe4 Nf4 17. Qxf4 Rxf4 18. Bxf4 c4 19. O-O Bxf3 20. gxf3 Rf8
21. Bg3 Rxf3 22. Rad1 h5 23. Rd4 h4 24. Bxh4 Bxh4 25. Rxh4 Qxe5 26. Rg4 Qxb2
27. Bb1 a5 28. Be4 Rf8 29. Rh4 Rf6 30. Bh7+ Kf7 31. Be4 c3 32. Rb1 0-1

[Event "Landesklasse Ost 2015/2016"]
[Site "?"]
[Date "2016.03.13"]
[Round "7"]
[White "Schumacher, Andreas"]
[Black "Wagner, Uwe"]
[Result "1/2-1/2"]
[WhiteElo "1732"]
[BlackElo "1706"]
[PlyCount "39"]
[EventDate "2016.??.??"]
[WhiteTeam "SG Arnstadt-Stadtilm"]
[BlackTeam "Schachklub Weida"]

1. d4 Nf6 2. c4 e6 3. Nc3 d5 4. cxd5 exd5 5. Bg5 Be7 6. Qc2 O-O 7. e3 h6 8. Bh4
c6 9. Bd3 Na6 10. a3 Nc7 11. Nf3 Kh8 12. O-O Bg4 13. Ne5 Be6 14. b4 Nd7 15. Bg3
Nxe5 16. Bxe5 Bd6 17. f4 f6 18. Bxd6 Qxd6 19. Rf3 a5 20. Rb1 1/2-1/2

[Event "Landesklasse Ost 2015/2016"]
[Site "?"]
[Date "2016.03.13"]
[Round "7"]
[White "Urban, Bernd"]
[Black "Rudolf, Robby"]
[Result "1-0"]
[WhiteElo "1739"]
[BlackElo "1501"]
[PlyCount "69"]
[EventDate "2016.??.??"]
[WhiteTeam "Schachklub Weida"]
[BlackTeam "SG Arnstadt-Stadtilm"]

1. c4 e5 2. Nc3 d6 3. Nf3 Nf6 4. d4 exd4 5. Nxd4 Be7 6. e4 O-O 7. Be2 Nbd7 8.
O-O Re8 9. Be3 Ne5 10. f3 Bd7 11. f4 Nc6 12. a3 Nxd4 13. Qxd4 Ng4 14. Bd2 Bf6
15. Qd3 Qe7 16. Bf3 Nh6 17. Rae1 g6 18. Nd5 Qd8 19. Ba5 b6 20. Nxf6+ Qxf6 21.
Bc3 Qxf4 22. g3 Qg5 23. Bd2 Qe5 24. Bxh6 Qxb2 25. e5 Rad8 26. Rf2 Bf5 27. Qd1
Qxa3 28. Bg5 Rc8 29. Bc6 Rxe5 30. Rxe5 dxe5 31. Bd7 Bxd7 32. Qxd7 Qf8 33. Bh6
Qe8 34. Rxf7 Qxd7 35. Rxd7 1-0

[Event "Landesklasse Ost 2015/2016"]
[Site "?"]
[Date "2016.03.13"]
[Round "7"]
[White "Habl, Klaus"]
[Black "Heine, Mario"]
[Result "0-1"]
[WhiteElo "1632"]
[BlackElo "1774"]
[PlyCount "68"]
[EventDate "2016.??.??"]
[WhiteTeam "SG Arnstadt-Stadtilm"]
[BlackTeam "Schachklub Weida"]

1. e4 d6 2. d4 Nf6 3. Nc3 c6 4. f4 Qa5 5. Bd2 e5 6. dxe5 dxe5 7. f5 Nbd7 8. a3
Qb6 9. Bc4 Be7 10. Bb3 O-O 11. Nf3 Nc5 12. Be3 Qc7 13. Bxc5 Bxc5 14. Qe2 b5 15.
h3 a5 16. g4 a4 17. Ba2 Ba6 18. g5 Nh5 19. Qg2 Nf4 20. Qg4 b4 21. Nxa4 bxa3 22.
O-O-O Be3+ 23. Kb1 Qb7 24. g6 Be2 25. Bxf7+ Kh8 26. f6 Rxf7 27. gxf7 Qxf7 28.
Nc3 axb2 29. Qxg7+ Qxg7 30. fxg7+ Kxg7 31. Nxe2 Nxe2 32. Rde1 Bc1 33. Rxc1
bxc1=Q+ 34. Rxc1 Rb8+ 0-1

[Event "Landesklasse Ost 2015/2016"]
[Site "?"]
[Date "2016.04.17"]
[Round "8"]
[White "Weiß, Thomas"]
[Black "Kalisch, Michael"]
[Result "0-1"]
[WhiteElo "1912"]
[BlackElo "2060"]
[PlyCount "116"]
[EventDate "2016.??.??"]
[WhiteTeam "SSV Vimaria 91 Weimar"]
[BlackTeam "ESV Lok Sömmerda"]

1. d4 Nf6 2. c4 e6 3. Nf3 d5 4. Nc3 Be7 5. Bg5 O-O 6. e3 Nbd7 7. cxd5 exd5 8.
Bd3 c6 9. Qc2 Re8 10. O-O Nf8 11. h3 Ne4 12. Bxe4 Bxg5 13. Bd3 Be7 14. Rab1 a5
15. a3 Bd6 16. e4 dxe4 17. Nxe4 Bc7 18. Neg5 g6 19. Rbd1 Ne6 20. h4 Nxg5 21.
Nxg5 Kg7 22. Bc4 Bf5 23. Qc3 Qf6 24. Rfe1 Rxe1+ 25. Rxe1 Rd8 26. Nxf7 Rxd4 27.
Ng5 Rd7 28. Qe3 Bd6 29. Qe8 Rd8 30. Qf7+ Qxf7 31. Nxf7 Rd7 32. Nxd6 Rxd6 33.
Re7+ Kf6 34. Rxb7 Rd4 35. Bg8 Rxh4 36. Rxh7 Rxh7 37. Bxh7 Kg7 38. Bxg6 Kxg6 39.
f3 c5 40. Kf2 Kf6 41. Ke3 Ke5 42. g4 Bb1 43. f4+ Kd5 44. Kd2 Kc4 45. f5 Kb3 46.
Kc1 Be4 47. f6 Bg6 48. f7 Bxf7 49. Kb1 Bg6+ 50. Ka1 Be4 51. g5 Bg6 52. a4 Kxa4
53. Ka2 Bf7+ 54. Ka1 Kb3 55. g6 Bg8 56. g7 a4 57. Kb1 a3 58. bxa3 Kxa3 0-1

[Event "Landesklasse Ost 2015/2016"]
[Site "?"]
[Date "2016.04.17"]
[Round "8"]
[White "Kühn, Martin"]
[Black "Plontke, Ingo"]
[Result "1-0"]
[WhiteElo "1903"]
[BlackElo "1855"]
[PlyCount "92"]
[EventDate "2016.??.??"]
[WhiteTeam "ESV Lok Sömmerda"]
[BlackTeam "SSV Vimaria 91 Weimar"]

1. d4 f5 2. c4 g6 3. Nf3 Nf6 4. Nc3 Bg7 5. Bf4 d6 6. e3 O-O 7. h3 Qe8 8. Be2 c6
9. O-O Nh5 10. Bh2 e5 11. dxe5 dxe5 12. Qd6 Nd7 13. Ng5 Rf6 14. Qd2 h6 15. Nf3
Rf8 16. b4 e4 17. Nd4 Be5 18. Bxe5 Nxe5 19. c5 Ng7 20. b5 Bd7 21. a4 Qe7 22.
bxc6 Bxc6 23. Nxc6 bxc6 24. Rac1 Rfd8 25. Qa2+ Qe6 26. Rc2 Rab8 27. Ba6 Qxa2
28. Nxa2 Kf7 29. f3 exf3 30. gxf3 Ke7 31. f4 Nd7 32. Rc4 Nf6 33. Nb4 Kd7 34.
Rd1+ Kc7 35. Rd6 Rxd6 36. cxd6+ Kxd6 37. Rxc6+ Ke7 38. Rc7+ Kd8 39. Rc4 Rb6 40.
Rd4+ Ke7 41. Bb5 Ne6 42. Rd1 Nc7 43. Nc6+ Ke6 44. Nxa7 Nxb5 45. Nxb5 Nd5 46.
Kf2 Ra6 1-0

[Event "Landesklasse Ost 2015/2016"]
[Site "?"]
[Date "2016.04.17"]
[Round "8"]
[White "Vogel, Steffen"]
[Black "Siegemund, Joachim"]
[Result "1/2-1/2"]
[WhiteElo "1803"]
[BlackElo "2012"]
[PlyCount "49"]
[EventDate "2016.??.??"]
[WhiteTeam "SSV Vimaria 91 Weimar"]
[BlackTeam "ESV Lok Sömmerda"]

1. d4 d5 2. c4 c6 3. Nf3 Nf6 4. Nc3 dxc4 5. a4 Bg4 6. e3 e6 7. Bxc4 Bb4 8. O-O
O-O 9. Be2 Qe7 10. Ne5 Bxe2 11. Qxe2 Nbd7 12. Nd3 e5 13. Nxb4 Qxb4 14. Rd1 Rfe8
15. dxe5 Rxe5 16. h3 Rae8 17. Qc2 Qb6 18. b3 Nc5 19. Rb1 Na6 20. Bb2 Nb4 21.
Qe2 R5e6 22. Rd2 a6 23. Rbd1 Nbd5 24. Nxd5 Nxd5 25. Qg4 1/2-1/2

[Event "Landesklasse Ost 2015/2016"]
[Site "?"]
[Date "2016.04.17"]
[Round "8"]
[White "Koksch, Robert"]
[Black "Mitter, Frank"]
[Result "1/2-1/2"]
[WhiteElo "1874"]
[BlackElo "1767"]
[PlyCount "43"]
[EventDate "2016.??.??"]
[WhiteTeam "ESV Lok Sömmerda"]
[BlackTeam "SSV Vimaria 91 Weimar"]

1. d4 d5 2. c4 e6 3. Nc3 Nf6 4. Nf3 Be7 5. Bf4 Nh5 6. e3 Nxf4 7. exf4 O-O 8.
Bd3 dxc4 9. Bxc4 c6 10. O-O Nd7 11. Qe2 Nb6 12. Bb3 Nd5 13. g3 b6 14. Rfe1 Re8
15. Rad1 Bb7 16. Bc2 Rc8 17. Ne4 Bb4 18. Rf1 Be7 19. Neg5 g6 20. h4 Nb4 21.
Rfe1 Nxc2 22. Qxc2 1/2-1/2

[Event "Landesklasse Ost 2015/2016"]
[Site "?"]
[Date "2016.04.17"]
[Round "8"]
[White "Reichardt, Albert"]
[Black "Kirste, Olaf"]
[Result "0-1"]
[WhiteElo "1675"]
[BlackElo "1934"]
[PlyCount "70"]
[EventDate "2016.??.??"]
[WhiteTeam "SSV Vimaria 91 Weimar"]
[BlackTeam "ESV Lok Sömmerda"]

1. e4 c5 2. b4 b6 3. bxc5 bxc5 4. Nf3 Bb7 5. Nc3 g6 6. Rb1 Qc8 7. Bc4 Nh6 8. d3
Bg7 9. Bd2 O-O 10. h3 Kh8 11. Qc1 Ng8 12. Ng5 e6 13. Nb5 Qc6 14. Bf4 h6 15.
Nxf7+ Rxf7 16. Nd6 Rxf4 17. Qxf4 Ba6 18. Nf7+ Kh7 19. Rxb8 Rxb8 20. Qxb8 Bxc4
21. dxc4 Qxe4+ 22. Kf1 Bc3 23. Qb1 Qxc4+ 24. Kg1 Qf4 25. Nd8 Bd4 26. Qe1 Nf6
27. g3 Qxg3+ 28. Kf1 Qf4 29. Rg1 Nd5 30. Rg3 Qf5 31. Qd2 Qf6 32. Nb7 Nc3 33.
Nxc5 Nb1 34. Qe2 Bxc5 35. Rf3 Qxf3 0-1

[Event "Landesklasse Ost 2015/2016"]
[Site "?"]
[Date "2016.04.17"]
[Round "8"]
[White "Böhnke, Hartmut"]
[Black "Schmidt, Stephan"]
[Result "1/2-1/2"]
[WhiteElo "1756"]
[BlackElo "1689"]
[PlyCount "74"]
[EventDate "2016.??.??"]
[WhiteTeam "ESV Lok Sömmerda"]
[BlackTeam "SSV Vimaria 91 Weimar"]

1. b4 d5 2. Bb2 c6 3. e3 Bf5 4. c4 e6 5. Nf3 Nf6 6. b5 Be7 7. Nc3 O-O 8. a4
Nbd7 9. d4 Bb4 10. Nd2 Re8 11. Qb3 Bxc3 12. Bxc3 e5 13. cxd5 cxd5 14. Be2 Rc8
15. Nf3 e4 16. Nd2 Qc7 17. Rc1 Be6 18. O-O Bg4 19. Bb2 Qb8 20. Rxc8 Rxc8 21. f3
exf3 22. gxf3 Bh3 23. Re1 Bf5 24. Bd3 Bxd3 25. Qxd3 Qd6 26. Ba3 Qe6 27. Rc1
Rxc1+ 28. Bxc1 Qh3 29. Ba3 h5 30. Qc2 Qh4 31. Nf1 Nb6 32. Be7 Qg5+ 33. Kh1 h4
34. Bd8 Nc4 35. f4 Qh6 36. Qf5 Nd6 37. Qg5 Qxg5 1/2-1/2

[Event "Landesklasse Ost 2015/2016"]
[Site "?"]
[Date "2016.04.17"]
[Round "8"]
[White "Greger, Dominik"]
[Black "Weber, Jakob"]
[Result "1-0"]
[WhiteElo "1603"]
[BlackElo "1254"]
[PlyCount "149"]
[EventDate "2016.??.??"]
[WhiteTeam "SSV Vimaria 91 Weimar"]
[BlackTeam "ESV Lok Sömmerda"]

1. d4 e6 2. Nf3 d5 3. e3 c5 4. b3 Nc6 5. Bb2 Bd7 6. Nbd2 Nf6 7. a3 Be7 8. Bd3
O-O 9. Ne5 Nxe5 10. dxe5 Ne8 11. O-O f6 12. Qh5 g6 13. Qh6 fxe5 14. Bxe5 Bf6
15. Nf3 Rf7 16. h4 Bg7 17. Bxg7 Nxg7 18. Ne5 Rf6 19. Qg5 Be8 20. Ng4 Rf8 21.
Qxd8 Rxd8 22. Ne5 Nf5 23. g3 a6 24. Rad1 Ne7 25. Be2 Nc6 26. Nf3 h6 27. Rd2 Rf7
28. Rfd1 Rfd7 29. Nh2 Bf7 30. c4 Kg7 31. Kg2 Ne7 32. Nf3 Nc6 33. Ng1 Ne7 34.
Nh3 Nc6 35. Nf4 h5 36. Bf3 Ne7 37. Kf1 Kh6 38. Ke1 Kg7 39. cxd5 exd5 40. Nxd5
Nxd5 41. e4 Nb6 42. Rxd7 Rxd7 43. Rc1 Re7 44. Rxc5 Bd5 45. Kd2 Bxe4 46. Bxe4
Rxe4 47. Rc7+ Kf6 48. Rxb7 Re6 49. Ra7 Nd5 50. Kd3 Rc6 51. Ke4 Nc3+ 52. Kf4 Nb5
53. Ra8 Nxa3 54. g4 hxg4 55. Kxg4 Rd6 56. h5 Rd4+ 57. f4 gxh5+ 58. Kxh5 Rd5+
59. Kg4 Rd6 60. Rh8 Kg7 61. Rh5 Nc2 62. Re5 Nd4 63. f5 Nxb3 64. Kg5 Kf7 65. Re3
Rb6 66. Rh3 a5 67. Rh7+ Kg8 68. Ra7 Rc6 69. f6 Rc8 70. Kg6 Rd8 71. Rg7+ Kf8 72.
Rh7 Ke8 73. Rh8+ Kd7 74. Rxd8+ Kxd8 75. f7 1-0

[Event "Landesklasse Ost 2015/2016"]
[Site "?"]
[Date "2016.04.17"]
[Round "8"]
[White "Loose, Helmut"]
[Black "Buchwald, Torsten"]
[Result "0-1"]
[WhiteElo "1596"]
[BlackElo "1594"]
[PlyCount "82"]
[EventDate "2016.??.??"]
[WhiteTeam "ESV Lok Sömmerda"]
[BlackTeam "SSV Vimaria 91 Weimar"]

1. c4 c5 2. Nc3 Nc6 3. Nf3 g6 4. d4 cxd4 5. Nxd4 Bg7 6. e3 e6 7. Be2 Nge7 8.
O-O O-O 9. a3 d5 10. b4 Nxd4 11. exd4 dxc4 12. Be3 Nf5 13. Qd2 Nxd4 14. Bxc4
Nf5 15. Rad1 Qxd2 16. Bxd2 b6 17. Ne4 Bb7 18. Rfe1 Rfd8 19. f3 Rd4 20. Bb3 Rd3
21. Bc4 Rxa3 22. Bf4 Ra4 23. Rd7 Rxb4 24. Red1 Bd4+ 25. R1xd4 Nxd4 26. Bh6 Bxe4
27. Rxd4 Bd5 28. Bxd5 Rxd4 29. Bxa8 a5 30. Be3 Rb4 31. Bd2 Rb2 32. Bc3 Rb3 33.
Bf6 a4 34. Be4 a3 35. Bc2 Rb4 36. Kf2 a2 37. Ke2 Rb1 38. Kd2 a1=Q 39. Bxa1 Rxa1
40. Kc3 Rh1 41. h3 Rh2 0-1

[Event "Landesklasse Ost 2015/2016"]
[Site "?"]
[Date "2016.04.17"]
[Round "8"]
[White "Wagner, Günther"]
[Black "Buring, Matthias"]
[Result "0-1"]
[WhiteElo "1776"]
[BlackElo "2035"]
[PlyCount "40"]
[EventDate "2016.??.??"]
[WhiteTeam "SV Jenapharm Jena"]
[BlackTeam "SG Arnstadt-Stadtilm"]

1. e4 e5 2. d4 exd4 3. c3 d5 4. exd5 Qxd5 5. Nf3 Nc6 6. Be3 Bg4 7. cxd4 Bxf3 8.
gxf3 O-O-O 9. Nc3 Bb4 10. Bg2 Qc4 11. Qd2 Nf6 12. Bf1 Qd5 13. a3 Bxc3 14. bxc3
Qxf3 15. Rg1 Ne4 16. Qc2 Rde8 17. Bg2 Qg4 18. Kf1 g6 19. Bh1 Qf5 20. Rb1 Ng3+
0-1

[Event "Landesklasse Ost 2015/2016"]
[Site "?"]
[Date "2016.04.17"]
[Round "8"]
[White "Sauer, Marko"]
[Black "Riedel, Hans-Joachim"]
[Result "1-0"]
[WhiteElo "2055"]
[BlackElo "1769"]
[PlyCount "141"]
[EventDate "2016.??.??"]
[WhiteTeam "SG Arnstadt-Stadtilm"]
[BlackTeam "SV Jenapharm Jena"]

1. e4 e5 2. Bc4 Nf6 3. d3 Bc5 4. Nf3 d6 5. c3 O-O 6. h3 h6 7. O-O Nc6 8. b4 Bb6
9. a4 a5 10. b5 Ne7 11. Be3 Bxe3 12. fxe3 Ng6 13. Na3 b6 14. Qe1 Be6 15. Ra2
Qe7 16. g4 d5 17. exd5 Nxd5 18. d4 e4 19. Bxd5 Bxd5 20. c4 Bxc4 21. Nxc4 exf3
22. Rxf3 Rad8 23. Qg3 Rd7 24. Rf5 Qb4 25. Nd2 Qc3 26. Nf1 Qb3 27. Rff2 Re8 28.
Rfb2 Qd3 29. Rc2 Ree7 30. Rc6 Nf8 31. g5 hxg5 32. Qxg5 Ne6 33. Qg3 Rd5 34. h4
Rf5 35. Rc1 Rf6 36. Rg2 Rg6 37. Qf3 Nxd4 38. Qa8+ Kh7 39. exd4 Qxd4+ 40. Kh1
Rxg2 41. Qxg2 Qxa4 42. Nh2 Qxb5 43. Nf3 f6 44. Qc2+ Kh8 45. Rd1 Rd7 46. Re1 Qd3
47. Qg2 Qf5 48. Qf2 Qh3+ 49. Nh2 c5 50. Qe2 Qf5 51. Nf3 Rd3 52. Qe8+ Kh7 53.
Ng5+ fxg5 54. Qh5+ Kg8 55. Re8+ Qf8 56. Rxf8+ Kxf8 57. hxg5 c4 58. g6 Rd7 59.
Qh8+ Ke7 60. Qxg7+ Ke6 61. Qg8+ Kf6 62. Qxc4 Rg7 63. Qc6+ Kg5 64. Qxb6 Rxg6 65.
Qxa5+ Kh6 66. Kh2 Rg5 67. Qb6+ Rg6 68. Qc5 Rg5 69. Qd6+ Rg6 70. Qe5 Rg5 71.
Qf6+ 1-0